Những cơ sở pháp lý của luật kinh doanh

Sách trình bày những nét cơ bản của luật kinh doanh, qui định quyền lợi, nghĩa vụ của tổ chức, cá nhân trong hoạt động kinh doanh,...

Spremljeno u:
Bibliografski detalji
Glavni autor: Lê, Thế Thọ
Format: Knjiga
Jezik:Undetermined
Izdano: Thành phố Hồ Chí Minh Thống kê 2000
Teme:
Oznake: Dodaj oznaku
Bez oznaka, Budi prvi tko označuje ovaj zapis!
Thư viện lưu trữ: Trung tâm Học liệu Trường Đại học Cần Thơ
LEADER 00868nam a2200229Ia 4500
001 CTU_38360
008 210402s9999 xx 000 0 und d
020 |c 40000 
082 |a 343.59707 
082 |b Th400 
100 |a Lê, Thế Thọ 
245 0 |a Những cơ sở pháp lý của luật kinh doanh 
245 0 |c Lê Thế Thọ 
260 |a Thành phố Hồ Chí Minh 
260 |b Thống kê 
260 |c 2000 
520 |a Sách trình bày những nét cơ bản của luật kinh doanh, qui định quyền lợi, nghĩa vụ của tổ chức, cá nhân trong hoạt động kinh doanh,... 
650 |a Business law,Commercial law,Economics 
650 |x Law and legislation 
650 |z Vietnam 
904 |i Minh, Năm, Giang sửa 
980 |a Trung tâm Học liệu Trường Đại học Cần Thơ